000 00436nam a2200157Ia 4500
008 230718s9999 xx 000 0 und d
041 _aeng
082 _a814.54'46
_bREI
100 _aCanfield J.
245 _aChicken Soup For The Couple's Soul
260 _c2001
_bWestland Books
300 _a370
365 _cRs.
_b195.00
700 _aCanfield J., Hansen M.V. & Angelis B.D.
_9187267
906 _dB:173109-Nov-2001
_cMGMT
_b29.25
999 _c302203
_d302203